000 01436nam a22002297a 4500
003 CUTN
005 20181010150425.0
008 181010b xxu||||| |||| 00| 0 eng d
020 _a9788126510566
041 _aEnglish
082 _a621.384
_bMOL
100 _aMolisch, Andreas F.
245 _aWireless communications
_cAndreas F Molisch
250 _astudent ed.
260 _aNew Delhi :
_bWiley,
_c2005.
300 _axlvi, 622 p.:
_bill.;
_c22 cm.
505 _tpt. 1. Introduction --
_tpt. 2. Wireless propagation channels --
_tpt. 3. Transceivers and signal processing --
_tpt. 4. Multiple access and advanced transceiver schemes --
_tpt. 5. Standardized wireless systems.
650 _aWireless communication systems
650 _aSignal processing--Digital techniques
942 _2ddc
_cBOOKS
520 _a"Professor Andreas F. Molisch, renowned researcher and educator, has put together the comprehensive book, Wireless Communications. The second edition, which includes a wealth of new material on important topics, ensures the role of the text as the key resource for every student, researcher, and practitioner in the field."-Professor Moe Win, MIT, USA Wireless communications has grown rapidly over the past decade from a niche market into one of the most important, fast moving industries. Fully updated to incorporate the latest research and developments, Wireless Communications, Second Edition
999 _c26111
_d26111